Indian economic policy (Record no. 84854)

MARC details
000 -LEADER
fixed length control field 00649nam a2200229 4500
001 - CONTROL NUMBER
control field sa 68012981
003 - CONTROL NUMBER IDENTIFIER
control field DLC
005 - DATE AND TIME OF LATEST TRANSACTION
control field 20260227112618.0
008 - FIXED-LENGTH DATA ELEMENTS--GENERAL INFORMATION
fixed length control field 691027s1968 ii b 00010 eng
010 ## - LIBRARY OF CONGRESS CONTROL NUMBER
LC control number sa 68012981
025 ## - OVERSEAS ACQUISITION NUMBER
Overseas acquisition number PL480:I-E-10247
050 0# - LIBRARY OF CONGRESS CALL NUMBER
Classification number HC435.2
Item number .S543
082 ## - DEWEY DECIMAL CLASSIFICATION NUMBER
Classification number 338.954
100 10 - MAIN ENTRY--PERSONAL NAME
Personal name Shenoy, Bellikoth Raghunath,
Dates associated with a name 1908-
245 1# - TITLE STATEMENT
Title Indian economic policy
Statement of responsibility, etc. [by] B. R. Shenoy.
260 0# - PUBLICATION, DISTRIBUTION, ETC.
Place of publication, distribution, etc. Bombay,
Name of publisher, distributor, etc. Popular Prakashan
Date of publication, distribution, etc. [1968]
300 ## - PHYSICAL DESCRIPTION
Extent xviii, 354 p.
Dimensions 23 cm.
350 ## - PRICE (NR) (BK AM CF MU VM SE) [OBSOLETE]
Price 25.00
504 ## - BIBLIOGRAPHY, ETC. NOTE
Bibliography, etc. note Bibliographical footnotes.
651 #0 - SUBJECT ADDED ENTRY--GEOGRAPHIC NAME
Geographic name India
General subdivision Economic policy.
651 #0 - SUBJECT ADDED ENTRY--GEOGRAPHIC NAME
Geographic name India
General subdivision Economic conditions
Chronological subdivision 1947-

No items available.

Powered by Koha